书目信息 |
| 题名: |
汽车问题解答
|
|
| 作者: | ||
| 分册: | 第一辑 发动机 | |
| 出版信息: | 北京 人民交通出版社 1981 |
|
| 页数: | 402页 | |
| 开本: | 20cm | |
| 丛书名: | ||
| 单 册: | ||
| 中图分类: | U463.1 | |
| 科图分类: | ||
| 主题词: | 汽车工程 | |
| 电子资源: | ||
| ISBN: | ||
| 000 | 00547nam0 2200205 45 | |
| 001 | 0312221749 | |
| 005 | 20060726090243.20 | |
| 010 | @dCNY1.40 | |
| 091 | @a15044.4627 | |
| 100 | @a20031222d1981 km y0chiy0120 ea | |
| 101 | @achi | |
| 200 | 1 | @a汽车问题解答@h第一辑@AQi Che Wen Ti Jie Da@EFa Dong Ji@i发动机 |
| 205 | @a2版 | |
| 210 | @a北京@c人民交通出版社@d1981 | |
| 215 | @a402页@d20cm | |
| 517 | 1 | @a发动机@Afa dong ji |
| 606 | 0 | @a汽车工程 |
| 690 | @aU463.1@v3 | |
| 801 | @aCN@bTSTCL@c20060726 | |
| 905 | @dU463.1@e1:1=2@f1@b203408@b230426@f1 | |
| 汽车问题解答.第一辑.发动机.-2版.-北京:人民交通出版社,1981 |
| 402页;20cm |
| ISBN :CNY1.40 |
| ● |
| 相关链接 |
|
|
|
|
正题名:汽车问题解答
索取号:U463.1/1:1=2
 
预约/预借
| 序号 | 登录号 | 条形码 | 馆藏地/架位号 | 状态 | 备注 |
| 1 | 0158454 | 001483656 | 第二样本阅览室/ [索取号:U463.1/1:1=2] | 在馆 | |
| 2 | 0203408 | 001482764 | 第三借阅区/ [索取号:U463.1/1:1=2] | 在馆 | |
| 3 | 0230426 | 001483665 | 第三借阅区/ [索取号:U463.1/1:1=2] | 在馆 | |
| 4 | 0438517 | 204385174 | 密集书库/ [索取号:U463.1/1:1=2] | 在馆 |